[Event "10th AKN Weekender, Haarlem NED"]
[Site "?"]
[Date "2001.??.??"]
[Round "3"]
[White "De Mie, M."]
[Black "Solleveld, Maa"]
[Result "0-1"]
[WhiteElo "2160"]
[BlackElo "2425"]
[PlyCount "76"]
[EventDate "2001.??.??"]
[Source "www.chesslib.no"]
[SourceDate "2004.05.04"]

1. e4 e5 2. Nc3 Nf6 3. f4 d5 4. fxe5 Nxe4 5. Nf3 Be7 6. Qe2 f5 7. d4 O-O 8. g3 c5 9. Be3 cxd4 10. Nxd4 Nc6 11. Nxc6 bxc6 12. Nxe4 fxe4 13. Qd2 Bg4 14. Bg2 Qb8 15. h3 Be6 16. Bf4 Qxb2 17. O-O Rab8 18. Kh2 Bc5 19. Qa5 Qb4 20. Qa6 Qb5 21. Qxb5 Rxb5 22. Rab1 Rfb8 23. Rb3 Bd4 24. h4 Rxb3 25. axb3 Re8 26. c3 Bxc3 27. Rc1 d4 28. Bxe4 c5 29. Bc6 Rc8 30. Ba4 h6 31. Kg2 Kf7 32. Kf2 Rd8 33. Rc2 Ke7 34. Bd2 Bf5 35. Ra2 Bb1 36. Bxc3 dxc3 37. Re2 c2 38. Re1 Rd1 0-1

[Event "SWE Team Ch 9293"]
[Site "Sweden"]
[Date "1993.??.??"]
[Round "8"]
[White "Svensk, Ingemar"]
[Black "Moberg, Karl Johan"]
[Result "0-1"]
[WhiteElo "2265"]
[BlackElo "2320"]
[PlyCount "46"]
[EventDate "1992.??.??"]
[Source "www.chesslib.no"]
[SourceDate "2004.05.04"]

1. e4 e5 2. Nc3 Nf6 3. f4 d5 4. fxe5 Nxe4 5. Nf3 Be7 6. d4 O-O 7. Bd3 f5 8. exf6 Bxf6 9. O-O Nc6 10. Be3 Bf5 11. Qe2 Kh8 12. Rad1 Qd7 13. Bxe4 dxe4 14. Ne5 Bxe5 15. dxe5 Qe6 16. Qb5 Nxe5 17. Qxb7 Ng4 18. Rde1 Qd6 19. g3 Nxe3 20. Rxe3 Bh3 21. Rf4 g5 22. Rf2 Rxf2 23. Kxf2 Qd2+ 0-1

[Event "Corr"]
[Site "?"]
[Date "2003.09.01"]
[Round "?"]
[White "Kubasky Alojz (SVK)"]
[Black "Ryvova Mrs.Anna (CZE)"]
[Result "1/2-1/2"]
[WhiteElo "2315"]
[BlackElo "2268"]
[PlyCount "90"]
[EventDate "2003.??.??"]
[Source "www.chesslib.no"]
[SourceDate "2004.05.04"]

1. e4 e5 2. Nc3 Nf6 3. f4 d5 4. fxe5 Nxe4 5. Nf3 Be7 6. Qe2 Nxc3 7. dxc3 c5 8. Bf4 Nc6 9. O-O-O Be6 10. Qe3 Qa5 11. a3 h6 12. Be2 O-O-O 13. Kb1 Qa4 14. Bg3 Kb8 15. Rhf1 Rhe8 16. Qd3 a6 17. Bf2 Qa5 18. Qe3 Qb6 19. Bg3 d4 20. cxd4 cxd4 21. Qd3 Rd5 22. Bf2 Red8 23. c4 Bxa3 24. Rd2 Ra5 25. Nxd4 Nxd4 26. Bxd4 Bc5 27. Bxc5 Rxd3 28. Bxb6 Rxd2 29. Bxa5 Rxe2 30. Bb6 Bxc4 31. Rd1 Be6 32. Rd8+ Bc8 33. Rf8 Rxg2 34. Rxf7 Rxh2 35. Rxg7 h5 36. Rg8 h4 37. Bc5 Kc7 38. Bd6+ Kd7 39. Bb8 Re2 40. Rh8 Re4 41. e6+ Rxe6 42. Rxh4 Rc6 43. Ka2 Ke6 44. Rh6+ Kd5 45. Rxc6 Kxc6 1/2-1/2

[Event "Ruhrgebiet"]
[Site "?"]
[Date "2004.02.15"]
[Round "6.1"]
[White "Schlange Stefan"]
[Black "Janssen Ruud"]
[Result "0-1"]
[WhiteElo "2191"]
[BlackElo "2388"]
[PlyCount "48"]
[EventDate "2004.??.??"]
[Source "www.chesslib.no"]
[SourceDate "2004.05.04"]

1. e4 e5 2. Nc3 Nf6 3. f4 d5 4. fxe5 Nxe4 5. Nf3 Be7 6. Qe2 Nxc3 7. dxc3 c5 8. Bf4 Nc6 9. O-O-O Be6 10. h4 h6 11. Kb1 Qa5 12. g3 d4 13. c4 Qa6 14. Nd2 O-O-O 15. Ne4 b5 16. Bh3 bxc4 17. Bxe6+ fxe6 18. Qg4 Nb4 19. a3 Nd5 20. Nd6+ Kd7 21. c3 Nxc3+ 22. bxc3 Qxa3 23. Nxc4 Rb8+ 24. Kc2 Qxc3# 0-1

[Event "DEN-chT 9900"]
[Site "DEN"]
[Date "1999.??.??"]
[Round "1"]
[White "Pedersen, Svend"]
[Black "Olsen, Heini"]
[Result "1/2-1/2"]
[WhiteElo "2280"]
[BlackElo "2292"]
[PlyCount "39"]
[EventDate "1999.??.??"]
[Source "www.chesslib.no"]
[SourceDate "2004.05.04"]

1. e4 e5 2. Nc3 Nf6 3. f4 d5 4. fxe5 Nxe4 5. Nf3 Be7 6. Qe2 Nxc3 7. dxc3 c5 8. Bf4 Nc6 9. O-O-O Be6 10. Qe3 Qa5 11. a3 h6 12. g4 g5 13. Bg3 O-O-O 14. h3 Rd7 15. c4 dxc4 16. Rxd7 Kxd7 17. Be1 Qc7 18. Qe4 Kc8 19. Bxc4 Qd7 20. Bc3 1/2-1/2

[Event "CZE Ch"]
[Site "Czech Republic"]
[Date "1993.??.??"]
[Round "4"]
[White "Vanek, Petr"]
[Black "Vavra, Pavel"]
[Result "1/2-1/2"]
[WhiteElo "2220"]
[BlackElo "2350"]
[PlyCount "66"]
[EventDate "1993.??.??"]
[Source "www.chesslib.no"]
[SourceDate "2004.05.04"]

1. e4 e5 2. Nc3 Nf6 3. f4 d5 4. fxe5 Nxe4 5. Nf3 Be7 6. d4 Bg4 7. Qd3 Nc6 8. Be2 Nb4 9. Qd1 Bf5 10. O-O Qd7 11. Nxe4 dxe4 12. Ne1 O-O 13. c3 Nd5 14. Nc2 c5 15. c4 Nb6 16. d5 Rfe8 17. Bf4 Qd8 18. Ne3 Bg6 19. Bh5 Bg5 20. Bxg6 hxg6 21. Qg4 Bxf4 22. Qxf4 Qe7 23. b3 Nd7 24. Ng4 Nxe5 25. Nxe5 Qxe5 26. Qxf7+ Kh7 27. Rae1 Qd4+ 28. Kh1 Rf8 29. Qxf8 Rxf8 30. Rxf8 Qd2 31. Rff1 e3 32. d6 e2 33. Rg1 Qxa2 1/2-1/2

[Event "BCF Ch"]
[Site "Brighton ENG"]
[Date "1980.08.01"]
[Round "7"]
[White "Henshaw, JC."]
[Black "Clarke, Peter H"]
[Result "1/2-1/2"]
[WhiteElo "2215"]
[BlackElo "2355"]
[PlyCount "145"]
[EventDate "1980.08.04"]
[Source "www.chesslib.no"]
[SourceDate "2004.05.04"]

1. e4 e5 2. Nc3 Nf6 3. f4 d5 4. fxe5 Nxe4 5. Nf3 Be7 6. d3 Nxc3 7. bxc3 c5 8. Be2 Nc6 9. O-O Be6 10. Rb1 Qc7 11. d4 h6 12. Kh1 O-O-O 13. Be3 c4 14. Qd2 Kb8 15. Ng1 Ka8 16. Bh5 Rdf8 17. Ne2 g5 18. Ng3 f6 19. exf6 Rxf6 20. Rxf6 Bxf6 21. Rf1 Rf8 22. Qe2 Qd7 23. h4 Qd8 24. hxg5 hxg5 25. Bxg5 Bxg5 26. Rxf8 Qxf8 27. Qxe6 Qf4 28. Qc8+ Nb8 29. Qg4 Qc1+ 30. Kh2 Be3 31. Bg6 Bg1+ 32. Kh3 a6 33. Qh5 Bf2 34. Qxd5 Bxg3 35. Kxg3 Qe3+ 36. Qf3 Qg5+ 37. Qg4 Qe3+ 38. Kh2 Qxc3 39. Be4 Qe3 40. d5 Qd4 41. Qe6 Qh8+ 42. Kg3 Qg7+ 43. Kf4 Nd7 44. g4 Ka7 45. d6 Nc5 46. Qf5 Qh6+ 47. Ke5 Qh2+ 48. Kd5 Kb6 49. Qg6 Qd2+ 50. Kxc4 Nd7 51. Qe6 Qe2+ 52. Kd4 Qf2+ 53. Kc3 Qe1+ 54. Kd4 Qf2+ 55. Kc4 Qe2+ 56. Kd5 Qb5+ 57. Kd4 Qb4+ 58. Qc4 Qxd6+ 59. Qd5 Qb4+ 60. Ke3 Qc3+ 61. Ke2 Nc5 62. g5 Qg3 63. g6 Qg4+ 64. Ke3 Qg1+ 65. Kd2 Qg3 66. Bd3 Qf4+ 67. Ke2 Qh2+ 68. Kf1 Qf4+ 69. Ke2 Qh2+ 70. Kf1 Qf4+ 71. Kg2 Qg4+ 72. Kf2 Qh4+ 73. Kg2 1/2-1/2

[Event "Rilton Cup"]
[Site "Stockholm SWE"]
[Date "1978.??.??"]
[Round "9"]
[White "Berg, Klaus"]
[Black "Olsson, Ake"]
[Result "1-0"]
[WhiteElo "2200"]
[BlackElo "2370"]
[PlyCount "37"]
[EventDate "1978.??.??"]
[Source "www.chesslib.no"]
[SourceDate "2004.05.04"]

1. e4 e5 2. Nc3 Nf6 3. f4 d5 4. fxe5 Nxe4 5. Nf3 Be7 6. d4 Nc6 7. Bd3 f5 8. exf6 Bxf6 9. Qe2 O-O 10. Nxd5 Re8 11. Bxe4 Bf5 12. Nxf6+ Qxf6 13. Bd5+ Kh8 14. Be3 Nb4 15. Bb3 Bxc2 16. O-O Bxb3 17. axb3 c5 18. Qd2 Qe6 19. Bf2 1-0

[Event "Pan American"]
[Site "Bariloche"]
[Date "1991.??.??"]
[Round "8"]
[White "Playa, Marcelo"]
[Black "Watanabe, Roberto"]
[Result "0-1"]
[WhiteElo "2295"]
[BlackElo "2275"]
[PlyCount "62"]
[EventDate "1991.??.??"]
[Source "www.chesslib.no"]
[SourceDate "2004.05.04"]

1. e4 e5 2. Nc3 Nf6 3. f4 d5 4. fxe5 Nxe4 5. Nf3 Be7 6. g3 O-O 7. Bg2 c5 8. O-O Nc6 9. Qe2 f5 10. d3 Nxc3 11. bxc3 Be6 12. Rb1 b6 13. h4 Qd7 14. Bg5 h6 15. Bd2 Rab8 16. d4 c4 17. Ne1 b5 18. Qh5 b4 19. Qg6 Bf7 20. Qxf5 Qxf5 21. Rxf5 bxc3 22. Rxb8 cxd2 23. Rb1 dxe1=Q+ 24. Rxe1 Nxd4 25. Rf2 Be6 26. Rxf8+ Kxf8 27. c3 Nb5 28. Rc1 Ba3 29. Rc2 Bf5 30. Rd2 Nxc3 31. Kh2 Ke7 0-1

[Event "Bayern-chA"]
[Site "GER"]
[Date "1997.??.??"]
[Round "1"]
[White "Roeder, Frank"]
[Black "Riediger, Martin"]
[Result "0-1"]
[WhiteElo "2290"]
[BlackElo "2275"]
[PlyCount "114"]
[EventDate "1997.??.??"]
[Source "www.chesslib.no"]
[SourceDate "2004.05.04"]

1. e4 e5 2. Nc3 Nf6 3. f4 d5 4. fxe5 Nxe4 5. Nf3 Be7 6. Qe2 Ng5 7. d4 c6 8. Be3 Bg4 9. h3 Nxf3+ 10. gxf3 Bf5 11. O-O-O Nd7 12. Qg2 g6 13. Bd3 Bxd3 14. cxd3 Nf8 15. f4 Qd7 16. Rdf1 Qf5 17. Kc2 h5 18. h4 Ne6 19. Ne2 Ng7 20. Ng3 Qg4 21. Qh3 Qxh3 22. Rxh3 Nf5 23. Nxf5 gxf5 24. Rg1 Kd7 25. Bf2 Rag8 26. Rhh1 Ke6 27. Kd2 Rg4 28. Rxg4 fxg4 29. Bg3 Kf5 30. Rc1 a5 31. Ke3 Ra8 32. Rc2 Ra6 33. Ke2 Rb6 34. a3 a4 35. Ke3 Rb5 36. Be1 Kg6 37. Rf2 Kf5 38. Rc2 Rb6 39. Bg3 Rb3 40. Kd2 Rb5 41. Ke3 Rb3 42. Kd2 Bd8 43. Ke3 Ba5 44. Bf2 Rb5 45. Bg3 Bb6 46. Be1 c5 47. dxc5 Rxc5 48. Rxc5 Bxc5+ 49. d4 Be7 50. Bg3 Bd8 51. Be1 b5 52. Bg3 Ba5 53. Kd3 b4 54. axb4 Bxb4 55. Ke3 Bc3 56. bxc3 a3 57. c4 a2 0-1

[Event "DEN-chT 9900"]
[Site "DEN"]
[Date "2000.??.??"]
[Round "6"]
[White "Pedersen, Svend"]
[Black "Nordenbaek, Jan"]
[Result "1/2-1/2"]
[WhiteElo "2280"]
[BlackElo "2262"]
[PlyCount "40"]
[EventDate "1999.??.??"]
[Source "www.chesslib.no"]
[SourceDate "2004.05.04"]

1. e4 e5 2. Nc3 Nf6 3. f4 d5 4. fxe5 Nxe4 5. Nf3 Be7 6. Qe2 Nc5 7. d4 Ne6 8. Be3 O-O 9. g3 b6 10. Bg2 Bb7 11. Qd2 c5 12. Rd1 cxd4 13. Nxd4 Nd7 14. Nf3 Bb4 15. a3 Bxc3 16. Qxc3 Rc8 17. Qd2 Qc7 18. c3 Nxe5 19. Nxe5 Qxe5 20. O-O Rcd8 1/2-1/2

[Event "ESP Ch U18"]
[Site "Los Barrios"]
[Date "1995.??.??"]
[Round "2"]
[White "De la Riva Aguado, Jorge"]
[Black "Escobar, Dominguez Daniel"]
[Result "0-1"]
[WhiteElo "2275"]
[BlackElo "2265"]
[PlyCount "76"]
[EventDate "1995.??.??"]
[Source "www.chesslib.no"]
[SourceDate "2004.05.04"]

1. e4 e5 2. Nc3 Nf6 3. f4 d5 4. fxe5 Nxe4 5. Nf3 Be7 6. Qe2 Nc5 7. d4 Ne6 8. Be3 a6 9. Qf2 O-O 10. Bd3 c5 11. dxc5 Nc6 12. Ne2 Qa5+ 13. c3 Bxc5 14. Qh4 g6 15. Bh6 Re8 16. b4 Bxb4 17. cxb4 Nxb4 18. O-O Nxd3 19. Rad1 Nb2 20. Nfd4 Qd8 21. Qf2 Qe7 22. Nxe6 Nxd1 23. Rxd1 Bxe6 24. Nd4 Rac8 25. Qf4 Rc4 26. Bg5 Qc5 27. Kh1 Bf5 28. h3 Be4 29. Bf6 Rxd4 30. Rxd4 Qxd4 31. Qh6 Qa1+ 32. Kh2 Qxe5+ 33. Bxe5 Rxe5 34. Qf4 Rf5 35. Qb8+ Kg7 36. Qa7 h5 37. g3 Rf1 38. g4 h4 0-1

[Event "Wch U16"]
[Site "Wch U16 Singapore"]
[Date "1990.??.??"]
[Round "?"]
[White "Zoler, Dan"]
[Black "Gokhale, Jayant Suresh"]
[Result "0-1"]
[WhiteElo "2275"]
[BlackElo "2245"]
[PlyCount "44"]
[EventDate "1990.??.??"]
[Source "www.chesslib.no"]
[SourceDate "2004.05.04"]

1. e4 e5 2. Nc3 Nf6 3. f4 d5 4. fxe5 Nxe4 5. Nf3 Be7 6. Qe2 Nxc3 7. dxc3 O-O 8. Be3 c5 9. Qf2 Qa5 10. Qg3 Bf5 11. Bd3 Bxd3 12. cxd3 Qa6 13. Rd1 Qe6 14. O-O Nc6 15. d4 b6 16. Rf2 Rac8 17. Rdf1 cxd4 18. cxd4 Qg6 19. Bg5 Bxg5 20. Nxg5 Nxd4 21. Nxf7 Qxf7 22. Qd3 Qxf2+ 0-1

[Event "Helsinki Ch"]
[Site "Helsinki FIN"]
[Date "1992.??.??"]
[Round "?"]
[White "Kivisto, Mikko"]
[Black "Koskinen, Henri"]
[Result "1-0"]
[WhiteElo "2270"]
[BlackElo "2245"]
[PlyCount "81"]
[EventDate "1992.??.??"]
[Source "www.chesslib.no"]
[SourceDate "2004.05.04"]

1. e4 e5 2. Nc3 Nf6 3. f4 d5 4. fxe5 Nxe4 5. Nf3 Be7 6. Qe2 f5 7. d3 Nc5 8. g3 Ne6 9. h4 d4 10. Nd1 c5 11. Bg2 Nc6 12. Nf2 Nb4 13. a3 Nd5 14. Nh3 b6 15. Nfg5 g6 16. Qf3 Nec7 17. h5 Bb7 18. Bd2 Rb8 19. Qe2 h6 20. hxg6 hxg5 21. g7 Rg8 22. Qh5+ Kd7 23. Qf7 Ne6 24. Nxg5 Ndc7 25. Bxb7 Rxb7 26. Nxe6 Nxe6 27. Rh6 Rxg7 28. Qxe6+ Kc7 29. Qxf5 Rxg3 30. O-O-O Rg8 31. Qe4 Kb8 32. e6 a6 33. Rh7 Re8 34. Rf1 Ka7 35. Rff7 Rc7 36. Bf4 Rb7 37. Kb1 Rf8 38. a4 Rxf7 39. Rxf7 a5 40. Bg5 Qe8 41. Qxb7+ 1-0

[Event "Helsinki Ch"]
[Site "Helsinki FIN"]
[Date "1992.??.??"]
[Round "?"]
[White "Kivisto, Mikko"]
[Black "Salo, Heikki"]
[Result "0-1"]
[WhiteElo "2270"]
[BlackElo "2240"]
[PlyCount "84"]
[EventDate "1992.??.??"]
[Source "www.chesslib.no"]
[SourceDate "2004.05.04"]

1. e4 e5 2. Nc3 Nf6 3. f4 d5 4. fxe5 Nxe4 5. Nf3 Be7 6. Qe2 Nxc3 7. dxc3 O-O 8. Bf4 c5 9. O-O-O Qa5 10. Kb1 Nc6 11. Qb5 Be6 12. Qxa5 Nxa5 13. Ng5 Bxg5 14. Bxg5 Nc6 15. Re1 a6 16. g3 h6 17. Bf4 b5 18. Bg2 Rfc8 19. h4 a5 20. h5 b4 21. Re3 Rab8 22. Rd1 d4 23. cxd4 Nxd4 24. Be4 Bg4 25. Rh1 Rb6 26. Rh4 Bf5 27. Rh1 Bxe4 28. Rxe4 Rbc6 29. Rd1 Kf8 30. Rd3 Ke7 31. Be3 Ne6 32. Rc4 Rd8 33. a3 Rxd3 34. cxd3 Kd7 35. Ka2 Kc7 36. Kb3 bxa3 37. bxa3 Kb6 38. Ka4 Rc7 39. Rc2 Rd7 40. Rb2+ Kc6 41. Rb3 Rd5 42. Bf4 c4 0-1